000 00765nam a2200265Ia 4500
003 OSt
005 20220924115100.0
006 a|||||r|||| 00| 0
007 ta
008 220923b |||||||| |||| 00| 0 kan d
020 _a0333 92309 X (pbk)
024 _a235455
037 _cTextual
040 _aARTS
_cARTS
_bkan
041 _2kan
_akan
082 _aO33,3N32,BH, 111N6
100 _aAnantha Murthy U.R.
_9176670
245 0 _aBharathipura
260 _aChennai
_bMacmillan India India
_c1996
300 _axvi,222p.
_ccm.
650 _aKANNAD LITERATURE
700 _a Rao P.Sreenivasa Tr.
_9176671
942 _hO33,3N32,BH, 111N6
_cTEXL
_2CC
999 _c396649
_d396649